000 00904cam a2200277 a 4500
001 000013631
005 20200929163307.0
008 980810s1999 ve b 001 0 spa d
020 _a9800110933
020 _a9800757643
040 _aDO-SdBNP
_bspa
_cLC
_dBNPHU
082 _a111
_bR615ó
100 1 _aRiu, Federico,
_d1923-
_931038
240 1 0 _aWorks.
_f1997
245 1 0 _aObras completas /
_cFederico Riu; prólogo, Fernando Rodríguez.
260 _aCaracas :
_bMonte Ávila Latinoamericana :
_bFundación Federico Riu,
_c1999.
300 _av. 2 ;
_c22 cm.
490 1 _aBiblioteca Federico Riu
504 _aIncluye notas y referencia al pie de páginas
650 4 _aOntología
_91544
650 4 _aFilosofía moderna
_xSiglo xx
_931039
700 1 _aRodríguez, Fernando
_epról.
_912176
830 0 _aBiblioteca Federico Riu
_931040
910 _aCatalogación derivada
049 _aBNGR
999 _c13245
_d13245